Statistics for Countries of Africa

Click here to take the quiz!

General Stats

  • This quiz has been taken 393,870 times
    (393,804 since last reset)
  • The average score is 43 of 54

Answer Stats

Country % Correct
Egypt
97%
South Africa
97%
Madagascar
94%
D. R. Congo
93%
Niger
93%
Algeria
92%
Nigeria
92%
Sudan
92%
Morocco
92%
Rep. of the Congo
91%
Libya
90%
Ethiopia
89%
Kenya
88%
Somalia
88%
Zimbabwe
87%
Chad
87%
South Sudan
86%
Tunisia
85%
Mali
83%
Ghana
83%
Zambia
82%
Ivory Coast
81%
Rwanda
80%
Angola
80%
Uganda
80%
Tanzania
80%
Botswana
79%
Namibia
78%
Mozambique
77%
Liberia
77%
Guinea
77%
Lesotho
77%
Cameroon
77%
Togo
76%
Central African
Republic
76%
Eritrea
76%
Eswatini
75%
Senegal
74%
Djibouti
71%
Mauritania
71%
Malawi
71%
Gambia
71%
Benin
70%
Sierra Leone
69%
Cape Verde
67%
Burkina Faso
67%
Seychelles
67%
Equatorial Guinea
67%
Gabon
67%
Mauritius
66%
Burundi
65%
Guinea-Bissau
64%
Comoros
59%
São Tomé and
Príncipe
56%

Score Distribution

Percentile by Number Answered

Percent of People with Each Score

Your Score History

You have not taken this quiz since the last reset